000
00293nam a2200121 a 4500
001
4143
005
20140414131904.0
008
090223s19uu xx 00 eng d
050
_a
FIC
_b
An1 1997
100
_a
Andrews, Kate
245
_a
Making friends, bk. 3 :
_b
Grow up, Amy.
999
_c
110827
_d
110827